000 00656nam a22002292 4500
001 0000023738
003 OSt
005 20250217122228.0
008 130320s xx 000 0 eng d
020 _a0875525644 :
040 _aKABU
_cKABU
100 1 _aRobertson, O. Palmer.
245 1 4 _aThe Christ of the prophets /
_cO. Palmer Robertson.
250 _a1st ed.
260 _aPhillipsburg :
_bP&R,
_c2004.
300 _axvi, 553 p.
650 0 _aBible O. T. prophets
_xcriticism, interpretation, etc.
650 0 _aProphets
_xbiblical teaching.
908 _a130320
942 _2lcc
_cBK
999 _c9952
_d9952